The seven habits of highly effective people : (Record no. 5688)
[ view plain ]
| 000 -LEADER | |
|---|---|
| fixed length control field | 01183nam a22002417a 4500 |
| 001 - CONTROL NUMBER | |
| control field | 5688 |
| 003 - CONTROL NUMBER IDENTIFIER | |
| control field | FISKH |
| 005 - DATE AND TIME OF LATEST TRANSACTION | |
| control field | 20250114093729.0 |
| 008 - FIXED-LENGTH DATA ELEMENTS--GENERAL INFORMATION | |
| fixed length control field | 250114b cb ||||| |||| 00| 0 eng d |
| 040 ## - CATALOGING SOURCE | |
| Original cataloging agency | FISKH |
| Language of cataloging | eng |
| Transcribing agency | FISKH |
| Modifying agency | FISKH |
| 050 ## - LIBRARY OF CONGRESS CALL NUMBER | |
| Classification number | BF637.S8 |
| 082 ## - DEWEY DECIMAL CLASSIFICATION NUMBER | |
| Classification number | 158 |
| 100 ## - MAIN ENTRY--PERSONAL NAME | |
| Personal name | Covey, Stephen R. |
| 245 ## - TITLE STATEMENT | |
| Title | The seven habits of highly effective people : |
| Remainder of title | Powerful lessons in personal change / |
| Statement of responsibility, etc. | by Stephen R. Covey |
| 260 ## - PUBLICATION, DISTRIBUTION, ETC. | |
| Place of publication, distribution, etc. | New York : |
| Name of publisher, distributor, etc. | Free Press ; |
| Date of publication, distribution, etc. | 2004. |
| 300 ## - PHYSICAL DESCRIPTION | |
| Extent | 218 pages : |
| Other physical details | illustrations ; |
| Dimensions | 30 cm . |
| 490 ## - SERIES STATEMENT | |
| Series statement | The 7 Habits of Highly Effective People |
| 520 ## - SUMMARY, ETC. | |
| Summary, etc. | In The 7 Habits of Highly Effective People, author Stephen R. Covey presents a holistic, integrated, principle-centered approach for solving personal and professional problems. With insights and anecdotes, Covey reveals a step-by-step pathway for living with fairness, integrity, service, and human dignity -- principles that give us the security to adapt to change and the wisdom and power to take advantage of the opportunities that change creates.<br/> |
| 650 ## - SUBJECT ADDED ENTRY--TOPICAL TERM | |
| Topical term or geographic name entry element | self-improvement |
| Form subdivision | non-fiction |
| 700 ## - ADDED ENTRY--PERSONAL NAME | |
| Personal name | Abelli, Tiziana |
| Relator term | translator |
| 942 ## - ADDED ENTRY ELEMENTS (KOHA) | |
| Source of classification or shelving scheme | Dewey Decimal Classification |
| Koha item type | Books |
| Suppress in OPAC | No |
| Withdrawn status | Lost status | Source of classification or shelving scheme | Damaged status | Not for loan | Collection | Home library | Current library | Shelving location | Date acquired | Total Checkouts | Full call number | Barcode | Date last seen | Price effective from | Koha item type |
|---|---|---|---|---|---|---|---|---|---|---|---|---|---|---|---|
| Dewey Decimal Classification | Non-Fiction | Footprints International School Library Network Toul Kork Campus | Footprints International School Library Network Toul Kork Campus | TTP Secondary Non-Fiction Bookshelves | 01/14/2025 | COV 158 BF637.S8 | FIS01594 | 01/14/2025 | 01/14/2025 | Books |
